Tay cự phách (Tiểu thuyết) = Master of the game

Wedi'i Gadw mewn:
Manylion Llyfryddiaeth
Prif Awdur: Sidney Sheldon
Fformat: Llyfr
Iaith:Undetermined
Cyhoeddwyd: Hà Nội Văn Học 1999
Pynciau:
Tagiau: Ychwanegu Tag
Dim Tagiau, Byddwch y cyntaf i dagio'r cofnod hwn!
Thư viện lưu trữ: Trung tâm Học liệu Trường Đại học Cần Thơ
LEADER 00585nam a2200181Ia 4500
001 CTU_35305
008 210402s9999 xx 000 0 und d
082 |a 813.5 
082 |b S544t 
100 |a Sidney Sheldon 
245 0 |a Tay cự phách (Tiểu thuyết) 
245 0 |b = Master of the game 
245 0 |c Sidney Sheldon; Dịch giả: Lương Thị Thận 
260 |a Hà Nội 
260 |b Văn Học 
260 |c 1999 
650 |a american fiction ( vietnamese ),american literature - 20th century 
980 |a Trung tâm Học liệu Trường Đại học Cần Thơ